000 00440nam a2200181Ia 4500
008 230524s9999 xx 000 0 und d
020 _a97881775858341
082 _a658.456
_bLEV
100 _aRichard I.Levin
245 0 _aStatistics for Management
250 _a7TH
260 _aNEW DELHI
_bPHI
_c2000
300 _aXVI;1118
500 _aQuantity Number: 45
650 _aMathematics
700 _a David S.Rubin
942 _cBK
999 _c24141
_d24141